|
|
|
|
| LEADER |
01251cam a22002651a 4500 |
| 001 |
c000232655 |
| 003 |
CARM |
| 005 |
20070413132734.0 |
| 008 |
851029s1953 ohua b 001 0 eng d |
| 019 |
1 |
|
|a 4020247
|5 LACONCORD2021
|
| 035 |
|
|
|a (OCoLC)216278216
|5 LACONCORD2021
|
| 040 |
|
|
|a NUN
|b eng
|c NUN
|d NU
|d VCAV
|
| 082 |
0 |
4 |
|a 669.018
|
| 245 |
0 |
0 |
|a Behavior of metals at low temperatures :
|b a series of three educational lectures, presented to members of the American Society for Metals, during the thirty-fourth National Metal Congress and Exposition, Philadephia, October 20 to 24, 1952 /
|c by R.M. Brick, J.R. Low and C.H. Lorig.
|
| 260 |
|
|
|a Cleveland :
|b Amer. Society for Metals,
|c 1953.
|
| 300 |
|
|
|a 112 p. :
|b ill. ;
|c 24 cm.
|
| 504 |
|
|
|a Includes biblioragphical references and index.
|
| 650 |
|
0 |
|a Metals
|x Effect of low temperatures on.
|
| 710 |
2 |
|
|a American Society for Metals
|
| 700 |
1 |
|
|a Brick, R. M.
|q (Robert Maynard),
|d 1908-
|
| 700 |
1 |
|
|a Low, John R.
|
| 700 |
1 |
|
|a Lorig, Clarence Herman,
|d 1900-
|
| 852 |
8 |
|
|b CARM
|h A1:AP17G0
|i B07785
|p 0340873
|f BK
|
| 999 |
f |
f |
|i a9186735-fa13-5ee8-906e-776a6415401b
|s b27f054c-9ba0-59f8-b554-17d1dd2d914e
|
| 952 |
f |
f |
|p Can circulate
|a CAVAL
|b CAVAL
|c CAVAL
|d CARM 1 Store
|e B07785
|f A1:AP17G0
|h Other scheme
|i book
|m 0340873
|